Wszyscy bardzo rzadcy zadymiarze w Brawl Stars - Statystyki

Ogólne statystyki
  • Ten quiz został rozwiązany 27 razy
  • Średni wynik to 8 z 10
Statystyki odpowiedzi
Hint Odpowiedź % Poprawnych
Bardzo rzadki Penny
92%
Bardzo rzadki Darryl
88%
Bardzo rzadki Dynamike
84%
Bardzo rzadki Jessie
84%
Bardzo rzadki Tick
84%
Bardzo rzadki Rico
80%
Bardzo rzadki 8-bitowiec
72%
Bardzo rzadki Jacky
72%
Bardzo rzadki Carl
68%
Bardzo rzadki Gus
68%
Nie znaleziono quizów pasujących do podanych kryteriów
Rozkład punktacji
Procent ludzi z każdym wynikiem
Percentyl według liczby udzielonych odpowiedzi
Twoja historia wyników
Nie rozwiązałeś tego quizu